| 000 | 00991cam a2200289 i 4500 | ||
|---|---|---|---|
| 999 |
_c22673 _d22673 |
||
| 001 | 2753213 | ||
| 005 | 20170124145800.0 | ||
| 008 | 790726r1979 nyu b 001 0 eng | ||
| 010 | _a 79007017 | ||
| 020 |
_a0405121172 : _c$25.00 |
||
| 040 |
_aDLC _cDLC _dDLC |
||
| 043 |
_an-us--- _an-us-ny |
||
| 050 | 1 | 0 |
_aN6512.5.N4 _bR67 1979 |
| 100 | 1 |
_aRosenberg, Bernard, _d1923- |
|
| 245 | 1 | 4 |
_aThe vanguard artist / _cBernard Rosenberg and Norris Fliegel. |
| 260 |
_aNew York : _bArno Press, _c1979, c1965. |
||
| 300 |
_axi, 366 p. ; _c22 cm. |
||
| 440 | 0 | _aPerennial works in sociology | |
| 500 | _aReprint of the ed. published by Quadrangle Books, Chicago. | ||
| 504 | _aIncludes bibliographical references and index. | ||
| 650 | 0 | _aNew York school of art. | |
| 650 | 0 |
_aArt and society _zUnited States. |
|
| 650 | 0 |
_aArtists _zUnited States _xPsychology. |
|
| 700 | 1 |
_aFliegel, Norris, _ejoint author. |
|
| 906 |
_a7 _bcbc _corignew _d1 _eocip _f19 _gy-gencatlg |
||
| 942 |
_2lcc _cBOOKS _hN 6512 ,R67 1965 |
||